00565nam a2200121Ia 4500008004100000245026000041260003600301260000900337300000600346650002600352650001200378856005300390170516s9999 xx 000 0 und d aValue of Perfusion CT, Transcranial Doppler Sonography, and Neurological Examination to Detect Delayed Vasospasm after Aneurysmal Subarachnoid Hemorrhage, Ekkehard Kunze, Mirko Pham, Furat Raslan, Christian Stetter, Jin-Yul Lee, Laszlo Solymosi, Ralf-Ingo bRadiology Research and Practice c2012 a: xRadiologic Technology xRadtech uhttps://www.hindawi.com/journals/rrp/contents/4/